000 00869nas a2200289 4500
001 BR9904305
003 BR-BrBNA
005 20231205101555.0
007 ta
008 230509b bl.|||p| |||| 00| 00por d
040 _aBR-BrBNA
_bpor
_cBiblioteca Nacional de Agricultura
041 _a(Pt)
072 _aL70; L53
100 1 _aSalles, H.O.
100 1 _aAzevedo, H.C.
100 1 _aSoares, A.T.
100 1 _aMachado, R.
100 1 _aSantos, D.O.
245 1 _aInducao do parto em cabras de racas leiteiras mediante aplicacao de cloprostenol
650 _aCabra Leiteira
650 _aParto
650 _aMedicamento
650 _aDosagem
773 0 _tArquivo Brasileiro de Medicina Veterinaria e Zootecnia (Brazil)
_xISSN 0102-0935
_g(Oct 1998), v. 50(5) p. 557-562
_wBR9904305
909 _a202311
_bLúcia
_c55
_dLúcia Elande
942 _2AGRIS
_n0
_cANA
999 _c162624
_d162624